| 000 | 00521nam a2200181Ia 4500 | ||
|---|---|---|---|
| 005 | 20251216143733.0 | ||
| 008 | 231207s9999 xx 000 0 und d | ||
| 020 | _a9789071338069 | ||
| 040 | _cPK-LaNCA | ||
| 082 |
_a791.43 _bNON |
||
| 100 | _aHertogs, Daan (Editor) | ||
| 245 | 0 | _aNonfiction from the teens | |
| 260 |
_bStichting Nederlands Filmmuseum _aThe Netherlands _c1994 |
||
| 300 |
_a84p _bill |
||
| 546 | _aEnglish | ||
| 650 | _aSilent films, Nonfiction films. Motion pictures--History. FTV. | ||
| 942 | _cF&TV | ||
| 999 |
_c19634 _d19634 |
||